| 000 | 01476cam a22003494a 4500 | ||
|---|---|---|---|
| 001 | 13135206 | ||
| 003 | Nust- CAS-E | ||
| 005 | 20180118181410.0 | ||
| 008 | 030324s2003 inua b 001 0 eng | ||
| 010 | _a 2003005864 | ||
| 020 | _a047143115X (PAPER/WEBSITE) | ||
| 040 |
_aDLC _cDLC _dDLC |
||
| 042 | _apcc | ||
| 050 | 0 | 0 |
_aQA76.76.O63 _bH476 2003 |
| 082 | 0 | 0 |
_a005.44769 _221 _bSTO-S 2003 |
| 100 | 1 |
_aHenry-Stocker, Sandra, _d1949- |
|
| 245 | 1 | 0 |
_aSolaris solutions for system administrators : _btime-saving tips, techniques, and workarounds / _cSandra Henry-Stocker, Evan R. Marks. |
| 250 | _a2nd ed. | ||
| 260 |
_aIndianapolis, IN : _bWiley, _cc2003. |
||
| 300 |
_axx, 604 p. : _bill. ; _c24 cm. |
||
| 502 | _a0 | ||
| 504 | _aIncludes bibliographical references (p. 579-582) and index. | ||
| 630 | 0 | 0 | _aSolaris (Computer file) |
| 650 | 0 | _aOperating systems (Computers) | |
| 700 | 1 |
_aMarks, Evan R., _d1964- |
|
| 856 | 4 | 2 |
_3Contributor biographical information _uhttp://www.loc.gov/catdir/bios/wiley045/2003005864.html |
| 856 | 4 | 2 |
_3Publisher description _uhttp://www.loc.gov/catdir/description/wiley039/2003005864.html |
| 856 | 4 | 1 |
_3Table of contents _uhttp://www.loc.gov/catdir/toc/wiley031/2003005864.html |
| 906 |
_a7 _bcbc _corignew _d1 _eecip _f20 _gy-gencatlg |
||
| 942 |
_2ddc _cBK |
||
| 999 |
_c355700 _d355700 |
||